Özelleştirme (Record no. 2230)

MARC details
000 -BAŞLIK
Sabit Uzunlukta Kontrol Alanı 00701na a2200253 4500
001 - KONTROL NUMARASI
Denetim Alanı 17679
003 - KONTROL NUMARASI IDENTIFIER
Denetim Alanı MIRAKIL
005 - SON İŞLEM TARİHİ VE ZAMANI
Denetim Alanı 20181213154850.0
008 - SABİT-BOY VERİ ELEMANLARI - GENEL BİLGİLER
Sabit Uzunlukta Kontrol Alanı 161101b tu 000 0
020 ## - ULUSLARARASI STANDART KİTAP NUMARASI
Uluslararası Standart Kitap Numarası 9755121587
040 ## - KATALOGLAMA KAYNAK
Orijinal Kataloglama Ajansı Milas
Kataloglama Dili tur
Metne Dönüştürmek Ajansı TR-AnCHP
041 ## - DİL KODU
Metin / Ses Parça Veya Ayrı Başlığın Dil Kodu tur
082 ## - DEWEY ONLU SINIFLANDIRMA NUMARASI
Sınıflandırma Numarası 338.6046
Ürün Numarası Ö93 1993
090 ## - SINIFLAMA NUMARASI
Sınıflama Numarası 338.6046 Ö93 1993
245 ## - BAŞLIK TABLOSU
Başlık Özelleştirme
Başlığın Kalan Özel İhtisas Komisyonu raporu
Sorumluluk Tablosu, Vb TOBB
246 ## - UNVAN FORM VARYING
Başlık Doğru / Kısa Başlığı Özel İhtisas Komisyonu raporu
260 ## - YAYIN, DAĞITIM, VB
Yayın, Dağıtım, Vb Yeri Ankara
Yayıncı, Dağıtıcı, Vs Adı TOBB
Yayın, Dağıtım, Vb Tarihi 1993
300 ## - FİZİKSEL TANIM
Kapsam 205 s.
Diğer Fiziksel Ayrıntıları tbl.
Boyutlar 27 sm.
440 ## - SERİSİ TABLOSU / KATMA GİRİŞİ - BAŞLIK
Başlık TOBB Yayınları Genel
Hacim / Ardışık Tanımı 273
490 ## - SERİSİ TABLOSU
Seri Beyanı BÖM
Hacim / Ardışık Tanımı 20
650 ## - KONU KATMA GİRİŞ - TOPİKAL DÖNEM
Topikal Süreli Veya Coğrafi Ad Giriş Elemanı Özelleştirme
Genel Alt Bölümü Türkiye
942 ## - EKLENDİ GİRİŞ ELEMANLARI (KOHA)
Sınıflandırma Veya Raf Düzeni Kaynak Dewey Decimal Classification
Koha Öğesi Türü Books
999 ## - SİSTEM KONTROL NUMARALARI (KOHA)
Koha Biblionumber 2230
Koha Biblioitemnumber 2230
657 ## - INDEX SÜRE - İŞLEVİ
-- Özel İhtisas Komisyonu Raporu
Holdings
Kalıcı Konum Mevcut Konum Edinme Tarihi Edinim Kaynak Toplam Check-Out'Lar Tam Çağrı Numarası Barkod Tarih Son Görülme İtibaren Geçerli Fiyatlar Koha Öğesi Türü
CHP Kütüphanesi CHP Kütüphanesi 11/01/2016 Bağış   338.6046 Ö93 1993 005984 11/01/2016 11/01/2016 Books